000 00637nam a2200229Ia 4500
003 OSt
005 20220926040434.0
006 a|||||r|||| 00| 0
007 ta
008 220923b |||||||| |||| 00| 0 eng d
037 _cGeneral Book
040 _aRTL
_cRTL
_beng
041 _2eng
_aeng
082 _aXxM01, K4
100 _aBastiat Frederic
_9343623
245 0 _aEconomic sophisms Tr. and Ed. by Arthur Goddard
260 _c1964
300 _axviii,291p
_ccm.
490 _aWilliam Volker Fund Series in the Human Studies,19
942 _hXxM01, K4
_cGB
_2CC
999 _c664755
_d664755